000
00303nam a2200157Ia 4500
100
_a
Aravamudan/R
650
_a
ISRO
942
_c
BK
366
_f
20
245
_a
ISRO:A personal history
260
_b
Harper collins
_c
2017
082
_b
ARA
300
_a
240
546
_a
ENGLISH
999
_c
33512
_d
33512